Домашна медицинска енциклопедия (Запис номер 204330)
[ съкратено ]
| 000 -Лидер | |
|---|---|
| Контролно поле с фиксирана дължина | 02015nam a2200469 c 4500 |
| 003 - Код на организацията, давaща контролен номер | |
| Контролно поле | BLK |
| 005 - Дата и час на последна редакция | |
| Контролно поле | 20250318141701.0 |
| 008 - Елементи от данни с фиксирана дължина | |
| fixed length control field | 180411b bul|||||r ||||||| ||bul|| |
| 010 ## - Наследен системен номер | |
| LC control number | KNG00213888000 |
| 020 ## - Международен стандартен номер на книга ISBN | |
| Международен стандартен номер на книга ISBN | 978-619-153-169-1 |
| -- | издат.: Паритет |
| 040 ## - Източник на каталожния запис | |
| Идентификатор на билиотеката - собственик на записа | BLK |
| 041 ## - Код за език | |
| Код за езика на текст/звукозапис или на отделно заглавие | Български |
| Код за езика КДБФ | Български |
| 072 #7 - Код за тематичната категория | |
| Код организация | bullib |
| Код за тематична категория | Н61 |
| Текст | Медицина Н |
| 072 #7 - Код за тематичната категория | |
| Код организация | bullib |
| Код за тематична категория | Л0101 |
| Текст | Билколечение. Природолечение. Народна медицина |
| 080 ## - УДК | |
| Текстов определител УДК | Медицина |
| УДК код - определител по УДК | 61 |
| УДК определител | (031) |
| УДК - код + определител | 61(031) |
| 100 1# - Редна дума - Автор | |
| Автор | Якубсон, Мария |
| Авторска отговорност | първи автор |
| R(LIN) | 145322 |
| 139 ## - Редно поле | |
| Редна дума | Домашна медицинска енциклопедия |
| Авторски знак | Дом - Д 76 |
| 245 10 - Сведения за заглавието | |
| Заглавие | Домашна медицинска енциклопедия |
| Подзаглавни данни | Симптоми и лечение на най-разпространените заболявания |
| Редно поле (дума) | Мария Якубсон; * Васил Димитров; * Антоанета Докова; * Мария Антонова. |
| 257 ## - Страна на издаване | |
| Страна на създаване/издаване | България |
| 260 ## - Област на издателските данни | |
| -- | София |
| Име на издателя, разпространителя и проч. | Паритет |
| Година на издаване | 2017 |
| 300 ## - Физическа характеристика | |
| Страници | 232 с. |
| Размери/Мащаб | 21 см |
| 380 ## - Жанр | |
| Жанр | Медицина |
| 650 #4 - Допълнително описание по предмет – тема | |
| Основно описание – тема или топоним | Медицина - енциклопедии и справочници |
| 9 (RLIN) | 242741 |
| 650 #4 - Допълнително описание по предмет – тема | |
| Основно описание – тема или топоним | Болести - диагностика и лечение - енциклопедии |
| 9 (RLIN) | 262433 |
| 653 ## - Ключова дума – ненормативна | |
| Ключова дума | медицина |
| 653 ## - Ключова дума – ненормативна | |
| Ключова дума | здраве |
| 653 ## - Ключова дума – ненормативна | |
| Ключова дума | енциклопедии |
| 653 ## - Ключова дума – ненормативна | |
| Ключова дума | самолечение |
| 653 ## - Ключова дума – ненормативна | |
| Ключова дума | нетрадиционна медицина |
| 653 ## - Ключова дума – ненормативна | |
| Ключова дума | нетрадиционни терапии |
| 659 ## - Тематичен бюлетин | |
| Тематичен бюлетин | Л |
| 659 ## - Тематичен бюлетин | |
| Тематичен бюлетин | Н |
| 700 1# - Други автори (авторска отговорност) | |
| Лично име | Димитров, Васил |
| Автороска отговорност (Описва отношението между автора и произведението) | * |
| 9 (RLIN) | 363930 |
| 700 1# - Други автори (авторска отговорност) | |
| Лично име | Докова, Антоанета |
| Автороска отговорност (Описва отношението между автора и произведението) | * |
| 9 (RLIN) | 386459 |
| 700 1# - Други автори (авторска отговорност) | |
| Лично име | Антонова, Мария |
| Автороска отговорност (Описва отношението между автора и произведението) | * |
| 9 (RLIN) | 386460 |
| 852 ## - Местоположение | |
| Форматна сигнатура | Цб 287928 |
| 856 4# - Електронен адрес и достъп | |
| Електронен формат | pdf - файл |
| Път до файла /url/ | |
| 856 4# - Електронен адрес и достъп | |
| Електронен формат | pdf - файл |
| Път до файла /url/ | |
| 942 ## - АРТИКУЛИ | |
| Вид на библиотечния материал | Книги |
| Скрит в OPAC | Не |
| Koha issues (borrowed), all copies | 12 |
| 944 ## - СЪЗДАВАНЕ И РЕДАКЦИЯ на ЗАПИСА | |
| Създаване/Редакция | Създаване |
| Дата на регистрацията/редакция | 30.10.2017 |
| Статус, дата на статуса | Цветомила Тодорова |
| Служител, извършил регистрацията/редакцията | 30576 |
| 944 ## - СЪЗДАВАНЕ И РЕДАКЦИЯ на ЗАПИСА | |
| Създаване/Редакция | Редакция |
| Дата на регистрацията/редакция | 09.11.2017 |
| Статус, дата на статуса | ф / |
| Служител, извършил регистрацията/редакцията | Ирена_Линкова |
| 999 ## - СИСТЕМНИ КОНТРОЛНИ НОМЕРА | |
| Koha biblionumber | 204330 |
| Koha biblioitemnumber | 204330 |
| Код за отписване | Код за изгубен артикул | Източник на класификационната схема | Код за повреда | Коз за рестрикции | Код за отдаване | Артикулен № | Име на библиотеката - собственик | Име на библиотеката, в която се намира в момента | Статус (Текущо местоположение) | Дата на вписване в системата | Местоположение - отдел | Цена в лева | Инвентарен номер | Систематично азбучна сигнатура | Баркод | Номер на екземпляра | Цена в евро | Служебна бележка | Служебен тип на артикула |
|---|---|---|---|---|---|---|---|---|---|---|---|---|---|---|---|---|---|---|---|
| Не е изгубен | Universal Decimal Classification | Не е повреден | без рестрикции | заемане за дома | 352363 | Регионална библиотека "Любен Каравелов" Русе | Регионална библиотека "Любен Каравелов" Русе | Заемна - подръчен фонд | 2017-10-30 | Заемна - подръчен фонд | 11.99 | 120000816604 | П 61/Д 76 | 120000816604 | 1 | 6.13 | Дост: Pk Вид: Ф N: 890 Дата: 26.10.2017 Дата инв: 15.02.2018 Бележки инв: П2018 | Книги | |
| Не е изгубен | Universal Decimal Classification | Не е повреден | без рестрикции | ползва се в читалня | 682602 | Регионална библиотека "Любен Каравелов" Русе | Регионална библиотека "Любен Каравелов" Русе | Хранилище | 2018-11-22 | Хранилище | 15.99 | Цб 291831 | 120000825758 | 8.18 | Книги |